000 01035nam a2200277Ia 4500
003 OSt
005 20221005110728.0
006 a|||||r|||| 00| 0
007 ta
008 221004b |||||||| |||| 00| 0 hin d
020 _a9788126719624 (hbk)
_c250
024 _a23253
037 _b214, 16/11/2015, Eastern Book Linkers
_cTextual
040 _aCRL
_cCRL
_bhin
041 _2hin
_ahin
082 _aM95xN16, 152Q0
100 _aकरमाकर, राधू
245 0 _aकैमरा
_b मेरी तीसरी आंख
246 _aKaimarā: merī tīsarī āankha
260 _aनई दिल्ली
_bराजकमल प्रकाशन भारत
_c2010
300 _a161पृ0
_ccm.
650 _aललित कला
_9156314
700 _a विनोद दास, अनु.
942 _hM95xN16, 152Q0
_cTEXL
_2cc
999 _c1019697
_d1019697